000
00304nam a22001337a 4500
008
170907b xxu||||| |||| 00| 0 eng d
020
_a
9780321681751
041
_a
eng
080
_a
91
100
_a
42
101
_a
GJEO
245
_a
ENCOUNTER WORLD REGIONAL GEOGRAPHY
_c
PORTER,J.C
942
_2
udc
_c
BK
999
_c
26638
_d
26638